000 01723nam a2200373 a 4500
001 ebr10476820
003 CaPaEBR
006 m u
007 cr cn|||||||||
008 100119s2010 nyu sb 001 0 eng d
010 _z 2010000102
020 _z9780875867816 (case laminate : alk. paper)
020 _z0875867812 (case laminate : alk. paper)
020 _z9780875867809 (trade paper : alk. paper)
020 _z0875867804 (trade paper : alk. paper)
020 _z9780875867823 (e-book)
040 _aCaPaEBR
_cCaPaEBR
035 _a(OCoLC)693781064
050 1 4 _aQB756.T8
_bE54 2010eb
082 0 4 _a551.3/9709575
_222
100 1 _aEngledew, John,
_d1954-
245 1 4 _aThe Tungus event, or, The great Siberian meteorite
_h[electronic resource] /
_cJohn Engledew.
246 3 0 _aTungus event
246 3 0 _aGreat Siberian meteorite
260 _aNew York :
_bAlgora Pub.,
_cc2010.
300 _a166 p.
504 _aIncludes bibliographical references and index.
505 0 _aTunguska, 100 years of mystery -- Meteors, chapter of astronomy -- Tunguska ground zero -- The cometary hypotheses and the Taurid meteors -- Comet Encke -- The sun, the cosmos and coronal mass ejections -- Asteroids and the asteroid hypotheses -- Other explanations and perspectives on the Tungus event.
533 _aElectronic reproduction.
_bPalo Alto, Calif. :
_cebrary,
_d2013.
_nAvailable via World Wide Web.
_nAccess may be limited to ebrary affiliated libraries.
650 0 _aTunguska meteorite.
655 7 _aElectronic books.
_2local
710 2 _aebrary, Inc.
856 4 0 _uhttp://site.ebrary.com/lib/rucke/Doc?id=10476820
_zAn electronic book accessible through the World Wide Web; click to view
999 _c116628
_d116628